| 000 | 00643nam a2200181Ia 4500 | ||
|---|---|---|---|
| 003 | IN-BaIIA | ||
| 008 | 211028s9999 xx 000 0 eng d | ||
| 040 | _cIIA Library | ||
| 080 |
_a61 _bNAT |
||
| 245 | 2 |
_aA history of the first half-century of the national academy of sciences,1863-1913 _cedited by Frederick True |
|
| 260 |
_aWashington _bNational Academy of Sciences _c1913 |
||
| 300 | _axi, 397p. | ||
| 650 |
_aHistory-National Academy of Sciences _92456 |
||
| 650 | _aNASA Thesaurus | ||
| 650 |
_aNational Academy of Sciences-History _92457 |
||
| 700 |
_aTrue, Frederick, ed. _92458 |
||
| 942 | _cBK | ||
| 999 |
_c1171 _d1171 |
||